Guess the Fusion Rock Song Lyrics #17 - Statistics

General Stats
  • This quiz has been taken 16 times
  • The average score is 169 of 325
Answer Stats
Answer % Correct
a
92%
I
92%
i
92%
the
85%
The
85%
you
85%
You
85%
do
77%
my
77%
Who
77%
an
69%
And
69%
and
69%
are
69%
be
69%
can
69%
for
69%
have
69%
In
69%
in
69%
love
69%
me
69%
on
69%
so
69%
So
69%
time
69%
to
69%
What
69%
When
69%
world
69%
first
62%
from
62%
I'm
62%
it
62%
It
62%
know
62%
see
62%
She
62%
she
62%
that
62%
way
62%
We
62%
we
62%
All
54%
all
54%
around
54%
been
54%
call
54%
Crosby, Stills and Nash
54%
Cross
54%
girl
54%
her
54%
how
54%
is
54%
I've
54%
knows
54%
many
54%
Southern
54%
think
54%
Think
54%
this
54%
was
54%
Why
54%
why
54%
will
54%
Will
54%
with
54%
about
46%
away
46%
But
46%
came
46%
day
46%
it's
46%
Looking
46%
loving
46%
of
46%
out
46%
times
46%
woman
46%
as
38%
being
38%
calling
38%
come
38%
endure
38%
Got
38%
got
38%
left
38%
name
38%
never
38%
now
38%
sea
38%
tried
38%
Cause
31%
fallen
31%
forgotten
31%
going
31%
lie
31%
make
31%
might
31%
music
31%
Off
31%
Sailing
31%
sailing
31%
Spirits
31%
survive
31%
thing
31%
understand
31%
bested
23%
big
23%
Cannot
23%
coming
23%
easiest
23%
fail
23%
heaven
23%
larger
23%
making
23%
realized
23%
run
23%
running
23%
ship
23%
Somebody
23%
using
23%
voices
23%
water
23%
Yes
23%
along
15%
anchor
15%
Avalon
15%
bar
15%
before
15%
boat
15%
brought
15%
chain
15%
cheated
15%
failed
15%
fine
15%
flags
15%
flying
15%
forget
15%
lied
15%
Marquesas
15%
noisy
15%
promise
15%
ran
15%
silver
15%
small
15%
tested
15%
tied
15%
Tied
15%
tomorrow
15%
twice
15%
wind
15%
downhill
8%
dreams
8%
dying
8%
eighty
8%
following
8%
heading
8%
Islands
8%
line
8%
midnight
8%
Papeete
8%
reach
8%
town
8%
trades
8%
truth
8%
watch
8%
feet
0%
Nicely
0%
outside
0%
No matching quizzes found
Score Distribution
Percent of People with Each Score
Percentile by Number Answered
Your Score History
You have not taken this quiz